LIBRARY & INFORMATION CENTRE, KCAET, TAVANUR

ONLINE PUBLIC ACCESS CATALOGUE (OPAC)

Oxford Book of Seventeenth Century Verse / (Record no. 5134)

MARC details
000 -LEADER
fixed length control field 00292cam a2200109ua 4500
082 ## - DEWEY DECIMAL CLASSIFICATION NUMBER
Classification number 821
Item number GRI/OX
100 ## - MAIN ENTRY--AUTHOR NAME
Personal name Grierson, H J C .
245 ## - TITLE STATEMENT
Title Oxford Book of Seventeenth Century Verse /
260 ## - PUBLICATION, DISTRIBUTION, ETC. (IMPRINT)
Place of publication London :
Name of publisher Oxford at the Clarendon Press ,
Year of publication 1958.
300 ## - PHYSICAL DESCRIPTION
Number of Pages 971 ; .
942 ## - ADDED ENTRY ELEMENTS (KOHA)
Koha item type Books
Holdings
Withdrawn status Lost status Damaged status Home library Current library Date acquired Full call number Accession Number Koha item type
Withdrawn     KAUAET Central Prison Tavanur 07/04/2012 821 11938 Books
Withdrawn     KAUAET Sanskrit University 07/04/2012 821 5079 Books
free website counter